[Event "64. BEM 2010"]
[Site "Dortmund"]
[Date "2010.02.23"]
[Round "2.18"]
[White "Türtmann, Werner"]
[Black "Gennat, Egon L"]
[Result "1/2-1/2"]
[WhiteElo "1579"]
[BlackElo "1353"]
[PlyCount "173"]
[EventDate "2010.??.??"]
[Source "SG Dortmund"]
[SourceDate "2004.12.16"]

1. e4 g6 2. Bc4 Bg7 3. Nf3 e6 4. a3 d6 5. d3 Ne7 6. O-O O-O 7. h3 b6 8. Bd2 Bb7
9. Bc3 d5 10. Bxg7 Kxg7 11. exd5 Bxd5 12. Nc3 Bxc4 13. dxc4 c6 14. Qxd8 Rxd8
15. Rad1 Nd7 16. b4 Nf6 17. Rfe1 h6 18. g4 g5 19. Kg2 Ng6 20. Ne2 Rac8 21. Nh2
Nh4+ 22. Kf1 Ne4 23. Nd4 Nf6 24. Ndf3 Ng6 25. Ng1 a6 26. f3 b5 27. c5 Nf4 28.
Kf2 N6d5 29. Nf1 Nc3 30. Rxd8 Rxd8 31. Ne3 Rd2+ 32. Kf1 Ncd5 33. Nxd5 Nxd5 34.
Re2 Rd1+ 35. Re1 Rxe1+ 36. Kxe1 Ne3 37. Kd2 Nc4+ 38. Kc3 Nxa3 39. Ne2 Nc4 40.
Kd4 Kf6 41. Nc3 Ke7 42. Ne4 e5+ 43. Kd3 Ke6 44. c3 f5 45. Ng3 a5 46. gxf5+ Kf6
47. bxa5 Nxa5 48. Ke4 Nb7 49. Nh5+ Kf7 50. Kxe5 Nxc5 51. Kd6 Na4 52. Kxc6 Nxc3
53. Kc5 Ne2 54. Kxb5 Nd4+ 55. Kc5 Nxf5 56. Kd5 Kg6 57. Ke5 Nh4 58. Ng3 Nxf3+
59. Ke4 Ng1 60. h4 gxh4 61. Nh1 Kg5 62. Ke3 Kg4 63. Kf2 Nh3+ 64. Kg2 Ng5 65.
Nf2+ Kf4 66. Nd3+ Ke3 67. Ne5 h5 68. Nc4+ Kf4 69. Nd2 Kg4 70. Kh2 h3 71. Nf1 h4
72. Ne3+ Kf4 73. Nd5+ Ke5 74. Ne3 Ke4 75. Ng4 Kf4 76. Nf2 Nf3+ 77. Kxh3 Kg5 78.
Ne4+ Kf5 79. Ng3+ Kg5 80. Ne4+ Kf5 81. Ng3+ Kf4 82. Ne2+ Kg5 83. Nc3 Kf5 84.
Nd5 Kg5 85. Ne3 Ng1+ 86. Kh2 Ne2 87. Ng2 1/2-1/2

[Event "64. BEM 2010"]
[Site "Dortmund"]
[Date "2010.02.23"]
[Round "2.19"]
[White "Hübel, Carsten"]
[Black "Noori, Mir Ahmad"]
[Result "1/2-1/2"]
[WhiteElo "1344"]
[BlackElo "1566"]
[PlyCount "85"]
[EventDate "2010.??.??"]
[Source "SG Dortmund"]
[SourceDate "2004.12.16"]

1. c4 g6 2. Nc3 Bg7 3. g3 e6 4. Bg2 c6 5. e3 Ne7 6. d4 d5 7. c5 Nd7 8. Nge2 Nf6
9. O-O O-O 10. Bd2 b5 11. b4 a5 12. a3 a4 13. Nc1 Qc7 14. Nd3 Nd7 15. f3 e5 16.
Ne2 Nf5 17. e4 Nxd4 18. exd5 cxd5 19. Nxd4 exd4 20. Rc1 Nf6 21. Bf4 Qd8 22. Ne5
Nh5 23. Nc6 Qd7 24. Ne5 Qe6 25. Re1 Nxf4 26. Nd3 Qc6 27. Nxf4 Be6 28. Re2 Rfe8
29. Qf1 Bh6 30. Nxe6 Rxe6 31. Rxe6 fxe6 32. Re1 Be3+ 33. Kh1 Rf8 34. Qd3 Qd7
35. f4 Qf7 36. Qxb5 Qf5 37. c6 Qc2 38. c7 Rc8 39. Qd7 Rxc7 40. Qxe6+ Kg7 41.
Qe5+ Kh6 42. Qg5+ (42. g4 $1 $40) 42... Kg7 43. Qe5+ 1/2-1/2

[Event "64. BEM 2010"]
[Site "Dortmund"]
[Date "2010.02.23"]
[Round "2.20"]
[White "Schirmer, Michael"]
[Black "Skoecz, Horst"]
[Result "1-0"]
[WhiteElo "1561"]
[BlackElo "1349"]
[PlyCount "150"]
[EventDate "2010.??.??"]
[Source "SG Dortmund"]
[SourceDate "2004.12.16"]

1. e4 c6 2. d4 e6 3. Nf3 Be7 4. Bd3 d6 5. O-O a6 6. a4 Nd7 7. c4 c5 8. Re1 cxd4
9. Nxd4 Ne5 10. Bf1 Nf6 11. f4 Nc6 12. e5 dxe5 13. Nxc6 Qb6+ 14. Kh1 Qxc6 15.
fxe5 Ne4 16. Qe2 Nc5 17. Qc2 Bh4 18. Re3 Bg5 19. Rg3 Bxc1 20. Qxc1 Qe4 21. Nc3
Qxe5 22. Rg5 Qd4 23. Ne2 Qd6 24. Qc2 Qe7 25. Rxg7 Bd7 26. b4 Qf6 27. Qc3 Ne4
28. Qxf6 Nxf6 29. Nc3 Kf8 30. Rg3 Bc6 31. Rd1 Nh5 32. Rgd3 Ke7 33. b5 axb5 34.
axb5 Nf4 35. Rd4 e5 36. Rd6 Be8 37. Rb6 Rb8 38. Nd5+ Nxd5 39. Rxd5 f6 40. Rdd6
Bf7 41. Rxf6 Rhd8 42. Rf5 Rd1 43. Rxe5+ Kd7 44. Rf5 Bxc4 45. Kg1 Kc7 46. Rh6
Rh8 47. Rc5+ Kb8 48. Rf6 Bxf1 49. Rxf1 Rd2 50. Rcf5 Rdd8 51. b6 h5 52. g3 Rdg8
53. Kg2 h4 54. Kf3 Rc8 55. g4 h3 56. Kg3 Rc3+ 57. R1f3 Rcc8 58. g5 Rcg8 59. Kg4
Kc8 60. Rxh3 Kd7 61. Rxh8 Rxh8 62. h4 Ke6 63. Rf6+ Ke5 64. Rf7 Kd6 65. Rxb7 Kc6
66. Rf7 Kxb6 67. g6 Kc6 68. Kg5 Kd6 69. h5 Ke6 70. h6 Re8 71. h7 Rd8 72. Rf6+
Ke7 73. g7 Rd5+ 74. Rf5 Rxf5+ 75. Kxf5 Kf7 1-0

[Event "64. BEM 2010"]
[Site "Dortmund"]
[Date "2010.02.23"]
[Round "2.21"]
[White "Marienfeld, Udo"]
[Black "Gegner, Michael"]
[Result "0-1"]
[WhiteElo "1334"]
[BlackElo "1551"]
[PlyCount "40"]
[EventDate "2010.??.??"]
[Source "SG Dortmund"]
[SourceDate "2004.12.16"]

1. e4 e5 2. Nf3 f5 3. Bc4 fxe4 4. Nxe5 Qg5 5. Nf7 Qxg2 6. Rf1 d5 7. Nxh8 Nf6 8.
Bxd5 Bh3 9. Bc4 Qxh2 10. Nc3 Nc6 11. d4 O-O-O 12. Be3 Ne5 13. Be2 Bxf1 14. Bxf1
Nf3+ 15. Ke2 Qh5 16. Bg2 Nxd4+ 17. Kf1 Nf3 18. Qe2 Ng4 19. Bxf3 Nh2+ 20. Ke1
Nxf3+ 0-1

[Event "64. BEM 2010"]
[Site "Dortmund"]
[Date "2010.02.23"]
[Round "2.22"]
[White "Gitschel, Peter"]
[Black "Raabe, Hans-Ulrich"]
[Result "0-1"]
[WhiteElo "1520"]
[BlackElo "1338"]
[PlyCount "100"]
[EventDate "2010.??.??"]
[Source "SG Dortmund"]
[SourceDate "2004.12.16"]

1. e4 e5 2. Nf3 Nc6 3. Bc4 Bc5 4. c3 Qe7 5. O-O Nf6 6. d4 Bb6 7. Bg5 d6 8. d5
Nb8 9. a4 a6 10. h3 h6 11. Be3 Nxe4 12. Bxb6 cxb6 13. Nbd2 Nxd2 14. Nxd2 Nd7
15. f4 O-O 16. fxe5 Nxe5 17. Bb3 Bd7 18. Nf3 Rae8 19. Qd4 Qd8 20. Bc2 Qc8 21.
Nxe5 Rxe5 22. Qd3 f5 23. Kh2 Qc5 24. c4 Qe3 25. Rf3 Qxd3 26. Bxd3 g5 27. b4 f4
28. b5 a5 29. Kg1 Rfe8 30. Ra2 Kg7 31. Kf2 Re3 32. Re2 Rxf3+ 33. Kxf3 Rxe2 34.
Kxe2 Kf6 35. Kf3 Ke5 36. g4 fxg3 37. Kxg3 Kd4 38. Be2 Bf5 39. Bf1 Ke3 40. Kg2
h5 41. Kg1 Be4 42. Bg2 Bxg2 43. Kxg2 Kd4 44. Kf3 Kxc4 45. Ke4 g4 46. hxg4 hxg4
47. Kf5 g3 48. Ke6 Kc5 49. Kd7 Kxd5 50. Kc7 Kc5 0-1

[Event "64. BEM 2010"]
[Site "Dortmund"]
[Date "2010.02.23"]
[Round "2.23"]
[White "Hast, Stefan"]
[Black "Schrimpl, Michael"]
[Result "0-1"]
[WhiteElo "1231"]
[BlackElo "1496"]
[PlyCount "68"]
[EventDate "2010.??.??"]
[Source "SG Dortmund"]
[SourceDate "2004.12.16"]

1. e4 d6 2. d4 Nf6 3. Nc3 g6 4. f4 Bg7 5. Bd3 O-O 6. Be3 Na6 7. f5 c5 8. Bxa6
cxd4 9. Bxd4 bxa6 10. Qd3 Qc7 11. O-O-O Bb7 12. Nd5 Nxd5 13. Bxg7 Kxg7 14. exd5
Qb6 15. Nf3 a5 16. h4 Rac8 17. Qd4+ Qxd4 18. Rxd4 Rc5 19. c4 a4 20. Rh2 Rfc8
21. b3 axb3 22. axb3 a5 23. g4 Rxd5 24. Rxd5 Bxd5 25. Nd2 gxf5 26. gxf5 Kf6 27.
Rf2 h6 28. Kb2 Bc6 29. Nf3 Rg8 30. Nd4 Rg2 31. Rxg2 Bxg2 32. Ka3 Ke5 33. Nc2
Be4 34. Ka4 Bxc2 0-1

[Event "64. BEM 2010"]
[Site "Dortmund"]
[Date "2010.02.23"]
[Round "2.24"]
[White "Grawe, Herbert"]
[Black "Strotmann, Dieter"]
[Result "1-0"]
[WhiteElo "1495"]
[BlackElo "1274"]
[PlyCount "59"]
[EventDate "2010.??.??"]
[Source "SG Dortmund"]
[SourceDate "2004.12.16"]

1. Nc3 Nf6 2. e4 d6 3. Bc4 Nc6 4. a3 g6 5. d3 Bg7 6. f4 Bg4 7. Nce2 Qd7 8. Ba2
d5 9. e5 Ng8 10. h3 Bxe2 11. Nxe2 e6 12. d4 Nge7 13. O-O Nf5 14. g4 Nh6 15. b4
f5 16. exf6 Bxf6 17. g5 Bxg5 18. fxg5 Nf5 19. c3 O-O-O 20. Qa4 Kb8 21. b5 Nce7
22. Bf4 Nc8 23. Qb3 b6 24. a4 Ncd6 25. Be5 Rhf8 26. Nf4 Nc4 27. Qb4 Nfe3 28.
Bxc4 Nc2 29. Qb2 Nxa1 30. Be2 1-0

[Event "64. BEM 2010"]
[Site "Dortmund"]
[Date "2010.02.23"]
[Round "2.25"]
[White "Wangrin, Stefan A"]
[Black "Rüttiger, Volker"]
[Result "0-1"]
[WhiteElo "1076"]
[BlackElo "1213"]
[PlyCount "88"]
[EventDate "2010.??.??"]
[Source "SG Dortmund"]
[SourceDate "2004.12.16"]

1. e4 e5 2. Nf3 Nf6 3. Nc3 Nc6 4. Bc4 Be7 5. d4 exd4 6. Nxd4 O-O 7. Nxc6 bxc6
8. e5 Ne8 9. Bd3 d5 10. Be3 Kh8 11. Qh5 g6 12. Qh6 Ng7 13. Ne2 Nf5 14. Bxf5
Bxf5 15. Bd4 c5 16. Be3 Re8 17. Qf4 Qd7 18. h4 Rab8 19. b3 d4 20. Nxd4 cxd4 21.
Bxd4 Be6 22. O-O Qd8 23. g3 a6 24. Be3 Qc8 25. Kh2 c5 26. c4 Kg8 27. Qe4 Rd8
28. Rad1 Bf5 29. Rxd8+ Qxd8 30. Qc6 Rb6 31. Qg2 Qd3 32. Qa8+ Kg7 33. Qg2 Re6
34. g4 Be4 35. Qh3 Rxe5 36. g5 Bd6 37. f4 Rf5 38. Kg1 Bxf4 39. Qg4 Bxe3+ 40.
Kh2 Qxf1 41. Qxe4 Bf4+ 42. Qxf4 Qxf4+ 43. Kh3 Qf2 44. h5 Rf3+ 0-1

[Event "64. BEM 2010"]
[Site "Dortmund"]
[Date "2010.02.23"]
[Round "2.26"]
[White "Jentzsch, Werner Wilfried"]
[Black "Rutmann, Ulrich"]
[Result "1-0"]
[WhiteElo "1441"]
[BlackElo "1357"]
[PlyCount "51"]
[EventDate "2010.??.??"]
[Source "SG Dortmund"]
[SourceDate "2004.12.16"]

1. d4 d5 2. Nc3 Nf6 3. Bf4 c6 4. Nf3 g6 5. e3 Bg7 6. Bd3 O-O 7. Qd2 Nbd7 8. h4
Nh5 9. O-O-O Nxf4 10. exf4 Nf6 11. Rdg1 Bg4 12. Ne5 h5 13. f3 Bc8 14. g4 Nd7
15. gxh5 Nxe5 16. fxe5 Bf5 17. Bxf5 Kh7 18. hxg6+ Kg8 19. gxf7+ Rxf7 20. Qh6
Kf8 21. Qh7 Qb6 22. e6 Qxd4 23. exf7 Kxf7 24. Qg6+ Kf8 25. Be6 Qf4+ 26. Kb1 1-0

[Event "64. BEM 2010"]
[Site "Dortmund"]
[Date "2010.02.23"]
[Round "2.27"]
[White "Schaefer, Ulrich"]
[Black "Tekin, Baran"]
[Result "0-1"]
[WhiteElo "1231"]
[BlackElo "948"]
[PlyCount "124"]
[EventDate "2010.??.??"]
[Source "SG Dortmund"]
[SourceDate "2004.12.16"]

1. d4 Nf6 2. c4 g6 3. Nc3 Bg7 4. e4 d6 5. Nf3 Bg4 6. h3 Bxf3 7. Qxf3 O-O 8. e5
dxe5 9. dxe5 Ne8 10. Bf4 Nc6 11. Rd1 Nd4 12. Qe4 c5 13. Be3 f5 14. Qd5+ Qxd5
15. Nxd5 Bxe5 16. Nxe7+ Kh8 17. Nd5 Rd8 18. Bd3 b5 19. O-O bxc4 20. Bxc4 Nd6
21. Bg5 Nxc4 22. Bxd8 Rxd8 23. Nc3 Nxb2 24. Rb1 Nc4 25. Rb7 Nc6 26. Nb5 Rb8 27.
Rxb8+ Bxb8 28. Re1 Nd6 29. Nxd6 Bxd6 30. Re6 Nb4 31. Rxd6 Nxa2 32. Ra6 Nb4 33.
Rxa7 Nd3 34. Kf1 c4 35. Rc7 Nf4 36. Rxc4 Nh5 37. Ke2 Kg7 38. Kf3 Nf6 39. Rc7+
Kh6 40. Rf7 Ne4 41. g4 Ng5+ 42. Kg2 Nxf7 43. Kg3 fxg4 44. hxg4 Kg5 45. f4+ Kh6
46. Kh4 g5+ 47. fxg5+ Nxg5 48. Kg3 Ne4+ 49. Kf4 Nd6 50. g5+ Kg6 51. Kg4 Nf7 52.
Kh4 Nxg5 53. Kg4 h5+ 54. Kh4 Ne4 55. Kh3 Kg5 56. Kg2 Kg4 57. Kh2 h4 58. Kg2 h3+
59. Kh2 Kh4 60. Kg1 Kg3 61. Kh1 Nf2+ 62. Kg1 h2+ 0-1

[Event "64. BEM 2010"]
[Site "Dortmund"]
[Date "2010.02.23"]
[Round "2.28"]
[White "Rabe, Mark"]
[Black "Schoppe, Hans-Werner"]
[Result "0-1"]
[WhiteElo "948"]
[BlackElo "1224"]
[PlyCount "139"]
[EventDate "2010.??.??"]
[Source "SG Dortmund"]
[SourceDate "2004.12.16"]

1. e4 e6 2. Nf3 c6 3. d3 h6 4. b3 d6 5. Bb2 e5 6. Be2 Bg4 7. Nfd2 Be6 8. Bg4
Bxg4 9. Qxg4 Nf6 10. Qh3 Nbd7 11. O-O g5 12. Qf5 Rg8 13. d4 g4 14. dxe5 Rg5 15.
Qf4 dxe5 16. Qe3 Bc5 17. Qd3 b5 18. g3 Qb6 19. Kg2 Rd8 20. Qe2 Bd6 21. c4 b4
22. a3 bxa3 23. Bxa3 Bxa3 24. Rxa3 Nc5 25. Qe3 Rd3 26. Qe2 a6 27. b4 Rxa3 28.
Nxa3 Qxb4 29. Nc2 Qc3 30. Nb1 Qd3 31. Qxd3 Nxd3 32. Rd1 Nb2 33. Rd6 Nxe4 34.
Rxc6 Rg6 35. Rc8+ Kd7 36. Rb8 Nxc4 37. Rb4 Ned6 38. Ra4 a5 39. Ne3 Nxe3+ 40.
fxe3 Nb7 41. Nd2 h5 42. Nc4 Re6 43. e4 f6 44. Ne3 Rb6 45. Ra2 Ke6 46. Nf5 Kf7
47. Kf2 Rb4 48. Rd2 Nc5 49. Rd5 Nxe4+ 50. Ke3 a4 51. Ra5 Ng5 52. Nd6+ Kg6 53.
Ra6 Rb3+ 54. Kd2 Nf3+ 55. Kc2 Nd4+ 56. Kc1 a3 57. Ne8 Rc3+ 58. Kb1 Rf3 59. Ka2
Nc2 60. Kb1 Nb4 61. Rxf6+ Rxf6 62. Nxf6 Kxf6 63. Ka1 e4 64. Kb1 e3 65. Kc1 Ke5
66. Kd1 a2 67. Ke2 Ke4 68. Kd1 a1=Q+ 69. Ke2 Qb2+ 70. Kd1 0-1

[Event "64. BEM 2010"]
[Site "Dortmund"]
[Date "2010.02.23"]
[Round "2.29"]
[White "Schlepütz, Volker"]
[Black "Böckmann, Lieselotte"]
[Result "1-0"]
[WhiteElo "1216"]
[BlackElo "922"]
[PlyCount "77"]
[EventDate "2010.??.??"]
[Source "SG Dortmund"]
[SourceDate "2004.12.16"]

1. d4 d5 2. c4 Nf6 3. Nc3 e6 4. Bg5 Be7 5. Bxf6 Bxf6 6. e3 dxc4 7. Bxc4 O-O 8.
Nge2 c6 9. O-O Qc7 10. Ne4 Bd8 11. Qd3 b5 12. Bb3 Na6 13. a3 Bb7 14. Bc2 f5 15.
N4g3 Qf7 16. Nf4 Bc7 17. Nxe6 Kh8 18. Nxf8 Bxg3 19. fxg3 g6 20. Nxg6+ hxg6 21.
Bb3 Qd7 22. Qc3 c5 23. dxc5+ Kh7 24. Rad1 Qc6 25. Bd5 Qxc5 26. Qxc5 Nxc5 27.
Bxb7 Nxb7 28. Rd7+ Kh6 29. Rxb7 a6 30. Rf4 Rd8 31. Rd4 Rc8 32. Rbd7 Rc1+ 33.
Rd1 Rc2 34. R1d2 Rc8 35. h4 Re8 36. Kf2 Re4 37. Kf3 a5 38. Ra7 a4 39. Rdd7 1-0

[Event "64. BEM 2010"]
[Site "Dortmund"]
[Date "2010.02.23"]
[Round "2.30"]
[White "Schirmer, Florian"]
[Black "Wilkins, Petra"]
[Result "1-0"]
[WhiteElo "1202"]
[BlackElo "783"]
[PlyCount "45"]
[EventDate "2010.??.??"]
[Source "SG Dortmund"]
[SourceDate "2004.12.16"]

1. e4 d6 2. d4 Nf6 3. Bd3 Nbd7 4. c4 e5 5. d5 Be7 6. Ne2 O-O 7. O-O Nc5 8. Nbc3
a6 9. Bc2 Nfd7 10. b4 Nb6 11. bxc5 dxc5 12. Bb3 Bd7 13. f4 Bd6 14. Be3 Nc8 15.
fxe5 Bxe5 16. Bxc5 Ne7 17. Bd4 Bd6 18. e5 Bb4 19. Ne4 Bf5 20. N2g3 Qd7 21. Qh5
g6 22. Nf6+ Kg7 23. Qxh7# 1-0

[Event "64. BEM 2010"]
[Site "Dortmund"]
[Date "2010.02.23"]
[Round "2.31"]
[White "Riepe, Markus"]
[Black "Fahle, Karl-Wilhelm"]
[Result "0-1"]
[WhiteElo "804"]
[BlackElo "1160"]
[PlyCount "48"]
[EventDate "2010.??.??"]
[Source "SG Dortmund"]
[SourceDate "2004.12.16"]

1. d4 Nf6 2. c4 e6 3. Nf3 Bb4+ 4. Nc3 Ne4 5. Qc2 f5 6. e3 b6 7. Ne5 Bb7 8. Bd3
d6 9. Qa4+ Nd7 10. Nc6 Bxc3+ 11. bxc3 Nxc3 12. Bc2 Qg5 13. Qb4 Qxg2 14. Rf1 Ne4
15. d5 exd5 16. Nd4 c5 17. Qb5 a6 18. Qa4 cxd4 19. Bb2 dxe3 20. Bxe4 Qxe4 21.
f3 Qh4+ 22. Ke2 d4 23. Rh1 Qf2+ 24. Kd3 Qd2# 0-1

[Event "64. BEM 2010"]
[Site "Dortmund"]
[Date "2010.02.23"]
[Round "2.32"]
[White "Reker, Gerhard"]
[Black "Müller, Michaela"]
[Result "1/2-1/2"]
[WhiteElo "772"]
[BlackElo "1042"]
[PlyCount "95"]
[EventDate "2010.??.??"]
[Source "SG Dortmund"]
[SourceDate "2004.12.16"]

1. e4 e6 2. d3 d5 3. exd5 exd5 4. Nf3 Nf6 5. Be2 Be6 6. O-O Be7 7. Nc3 c6 8.
Ng5 Qd7 9. Bh5 Nxh5 10. Qxh5 Bxg5 11. Qxg5 O-O 12. Bd2 Qd8 13. Qe5 Nd7 14. Qd4
Qf6 15. Qe3 Qg6 16. Qg5 Qxg5 17. Bxg5 h6 18. Be7 Rfe8 19. Bd6 Bf5 20. b3 Re6
21. Bc7 Rc8 22. Bg3 Rce8 23. h3 Bg6 24. Na4 Bh7 25. Bf4 Bf5 26. Be3 a6 27. Nb6
Nxb6 28. Bxb6 Re2 29. Rac1 R2e6 30. a4 Kf8 31. Be3 h5 32. h4 Rg6 33. g3 Rge6
34. a5 f6 35. b4 Ra8 36. d4 Kf7 37. c3 Bd3 38. Rfe1 Rae8 39. Rcd1 Bc4 40. Kh2
g6 41. Bd2 Bb3 42. Rb1 Bc4 43. Rxe6 Rxe6 44. Re1 Re2 45. Rxe2 Bxe2 46. Bh6 Ke6
47. Kg2 Kf5 48. Bg7 1/2-1/2

[Event "64. BEM 2010"]
[Site "Dortmund"]
[Date "2010.02.25"]
[Round "3.1"]
[White "Raabe, Hans-Ulrich"]
[Black "Heinzel, Olaf"]
[Result "0-1"]
[WhiteElo "1338"]
[BlackElo "2304"]
[PlyCount "70"]
[EventDate "2010.??.??"]
[Source "SG Dortmund"]
[SourceDate "2004.12.16"]

1. e4 d5 2. exd5 Qxd5 3. Nc3 Qd6 4. d4 Nf6 5. Nf3 a6 6. Be2 Nbd7 7. Be3 b5 8.
a3 Bb7 9. O-O e6 10. Qd2 Be7 11. Rad1 h6 12. Bf4 Qb6 13. h3 O-O-O 14. Qe3 g5
15. Be5 Rhg8 16. Nh2 h5 17. Bf3 g4 18. Bxb7+ Qxb7 19. hxg4 hxg4 20. d5 Nxe5 21.
Qxe5 Nxd5 22. Nxd5 Rxd5 23. Rxd5 Qxd5 24. Qxd5 exd5 25. Re1 Bc5 26. g3 Kd7 27.
Re5 c6 28. Rf5 Ke6 29. Rf4 f5 30. b4 Bb6 31. Nf1 Rc8 32. Ne3 Bxe3 33. fxe3 c5
34. a4 cxb4 35. axb5 a5 0-1

[Event "64. BEM 2010"]
[Site "Dortmund"]
[Date "2010.02.25"]
[Round "3.2"]
[White "Schiefelbusch, Dirk"]
[Black "Lauche, Christoph"]
[Result "1-0"]
[WhiteElo "2125"]
[BlackElo "1960"]
[PlyCount "60"]
[EventDate "2010.??.??"]
[Source "SG Dortmund"]
[SourceDate "2004.12.16"]

1. Nf3 f5 2. b4 d6 3. Bb2 e5 4. e3 Nf6 5. c4 a5 6. b5 g6 7. d4 e4 8. Nfd2 Bg7
9. Nc3 O-O 10. Be2 Kh8 11. O-O b6 12. Rc1 Nbd7 13. Qc2 Bb7 14. Na4 c5 15. bxc6
Bxc6 16. Nc3 Qe7 17. g3 g5 18. Rfe1 h5 19. Ba3 Rac8 20. Qb3 f4 21. Nb5 Bxb5 22.
Qxb5 fxe3 23. fxe3 Qe6 24. Qxg5 Nh7 25. Qxh5 Bh6 26. Bg4 Qf6 27. Nxe4 Bxe3+ 28.
Rxe3 Qxd4 29. Rce1 Rce8 30. Qd5 Rxe4 1-0

[Event "64. BEM 2010"]
[Site "Dortmund"]
[Date "2010.02.25"]
[Round "3.3"]
[White "Brockmann, Michael"]
[Black "Begna, Bozidar"]
[Result "1-0"]
[WhiteElo "2063"]
[BlackElo "1958"]
[PlyCount "154"]
[EventDate "2010.??.??"]
[Source "SG Dortmund"]
[SourceDate "2004.12.16"]

1. Nf3 Nf6 2. c4 e6 3. d4 Bb4+ 4. Nbd2 c5 5. e3 Nc6 6. Be2 d6 7. O-O Bxd2 8.
Bxd2 e5 9. dxe5 dxe5 10. Bc3 Qe7 11. Qc2 Bg4 12. h3 Bh5 13. a3 a5 14. Nh2 Bxe2
15. Qxe2 a4 16. Qf3 O-O 17. Ng4 Nxg4 18. hxg4 e4 19. Qf5 Rad8 20. Rad1 Rxd1 21.
Rxd1 Rd8 22. Rxd8+ Nxd8 23. Qc8 Kf8 24. Ba5 Ke8 25. Bb6 Qd7 26. Qxc5 Nc6 27.
Qh5 Qd1+ 28. Kh2 Qe2 29. Qf5 Qxc4 30. Qc8+ Ke7 31. Qxb7+ Kf6 32. Qc8 Qb5 33.
Qd7 Qe5+ (33... Qxb6 $4 34. Qd6+ Kg5 35. Qf4+ Kg6 36. Qf5+ Kh6 37. Qh5#) 34.
Kh3 Qe6 35. Bd4+ Kg6 36. Qxe6+ fxe6 37. Bc3 e5 38. f3 exf3 39. gxf3 Kf7 40. Kg3
g5 41. f4 (41. Kf2 Ke6 42. Ke2 Kd5 43. Kd3 Ne7 44. e4+ Ke6 45. Kc4 Ng6 46. Kb5
Nh4 47. Kxa4 Nxf3 48. Kb5 Nh2 (48... Kd7 49. a4 Nh2 50. Bxe5 Nxg4 51. Bd4 h5
52. a5 h4 53. a6 Kc7 54. e5 h3 55. a7 Kb7 56. e6 h2 57. e7 h1=Q 58. a8=Q+ Kxa8
59. e8=Q+ Kb7 60. Qd7+ Kb8 61. Ka6 {nebst baldigem Matt}) 49. Kc6 Nxg4 50. a4
$18) 41... exf4+ 42. exf4 gxf4+ 43. Kxf4 Kg6 44. Bd2 Kf6 45. Ke4 Ke6 46. Bc3
Kd6 47. Kf5 Ke7 48. Kg5 Kf7 49. Kh6 Kg8 50. Bf6 Na5 51. Bd4 Nc6 52. Bc3 Na7 53.
Kg5 Kf7 54. Kf5 Nc6 55. Bd2 Ke7 56. Be3 Na5 57. Ke4 Ke6 58. Kd4 Nc6+ 59. Kc5
Ne5 60. g5 Nd3+ 61. Kb5 Nxb2 62. Bd4 Nd3 63. Kxa4 Kd7 64. Kb5 Kc8 65. Kc6 Kb8
66. Kd5 Ne1 67. Ke4 Kb7 68. Bf2 Nc2 69. Kf5 Nxa3 70. Kf6 Nc4 71. Bg3 Nd2 72.
Kf5 Kc6 73. Bf4 Nc4 74. Kf6 Nb6 75. Kg7 Nd5 76. Bd2 Kd7 77. Kxh7 Ne7 {
und nach zwei weiteren, nicht mehr vollstaendig notierten Zuegen verlor
Schwarz durch Zeitueberschreitung. Die Stellung ist remis.} 1-0

[Event "64. BEM 2010"]
[Site "Dortmund"]
[Date "2010.02.25"]
[Round "3.4"]
[White "Rüttiger, Volker"]
[Black "Zachos, Ingo"]
[Result "0-1"]
[WhiteElo "1213"]
[BlackElo "2024"]
[PlyCount "63"]
[EventDate "2010.??.??"]
[Source "SG Dortmund"]
[SourceDate "2004.12.16"]

1. Nf3 Nf6 2. c4 g6 3. b3 Bg7 4. Bb2 O-O 5. e3 d6 6. d3 e5 7. Qc2 Nbd7 8. Be2
a5 9. O-O Nc5 10. Nbd2 Re8 11. Rab1 Bf5 12. Ng5 c6 13. Nge4 Ncxe4 14. dxe4 Be6
15. Nf3 Qb6 16. Rfd1 Rad8 17. Rd2 Nxe4 18. Rdd1 Nc5 19. Ne1 Bf5 20. Nd3 Na6 21.
a3 d5 22. g4 Be4 23. Qc1 Nc5 24. Ba1 Nxb3 25. Qb2 dxc4 26. Qc3 Qa6 27. Bf1 Bf3
28. Rxb3 cxb3 29. Ne1 Be2 30. Rxd8 Rxd8 31. Bxe2 Qxe2 32. Qb2 0-1

[Event "64. BEM 2010"]
[Site "Dortmund"]
[Date "2010.02.25"]
[Round "3.5"]
[White "Schütte, Tobias"]
[Black "Imrek, Ozan Mert"]
[Result "1-0"]
[WhiteElo "1980"]
[BlackElo "1351"]
[PlyCount "91"]
[EventDate "2010.??.??"]
[Source "SG Dortmund"]
[SourceDate "2004.12.16"]

1. e4 e5 2. f4 exf4 3. Nf3 Nc6 4. d4 d6 5. Bxf4 Nf6 6. Bd3 Bg4 7. c3 d5 8. e5
Nh5 9. Be3 f6 10. exf6 Nxf6 11. O-O Bd6 12. h3 Bh5 13. Nbd2 Qe7 14. Bf2 O-O 15.
Qc2 Bxf3 16. Nxf3 Rae8 17. Rae1 Qd7 18. Bf5 Qd8 19. Be6+ Rxe6 20. Rxe6 Ne4 21.
Rxe4 dxe4 22. Qxe4 Re8 23. Qc2 Qf6 24. Bh4 Qf4 25. Qb3+ Kh8 26. Qxb7 Ne7 27.
Bxe7 Qe3+ 28. Kh1 Rxe7 29. Ne5 h6 30. Qc8+ Kh7 31. Qf5+ Kg8 32. Ng6 Re8 33. Ne5
Bxe5 34. Qf7+ Kh7 35. Qxe8 Qe2 36. Rg1 Qxb2 37. dxe5 Qxc3 38. e6 Qf6 39. e7 c5
40. Qf8 Qxf8 41. exf8=Q c4 42. Rc1 a5 43. Rxc4 a4 44. Qf5+ g6 45. Qf7+ Kh8 46.
Rc8# 1-0

[Event "64. BEM 2010"]
[Site "Dortmund"]
[Date "2010.02.25"]
[Round "3.6"]
[White "Komenda, Thomas"]
[Black "Lindam, Ingo"]
[Result "0-1"]
[WhiteElo "1461"]
[BlackElo "2076"]
[PlyCount "50"]
[EventDate "2010.??.??"]
[Source "SG Dortmund"]
[SourceDate "2004.12.16"]

1. d4 f5 2. c4 Nf6 3. Nc3 g6 4. Nf3 d6 5. e3 Bg7 6. Be2 O-O 7. O-O Qe8 8. b4 e5
9. Qb3 e4 10. Nd2 Kh8 11. c5 dxc5 12. bxc5 f4 13. Bc4 Nc6 14. Qc2 Bf5 15. Nd5
Nxd5 16. Bxd5 fxe3 17. fxe3 Nxd4 18. exd4 Bxd4+ 19. Kh1 e3 20. Qb3 (20. Bb2 Qe5
21. Nf3 Bxb2 22. Nxe5 Bxc2 23. Nf7+ Rxf7 24. Bxf7 e2 $19) 20... exd2 21. Bb2
Qe5 22. Bxd4 Qxd4 23. Qxb7 Rad8 24. Bb3 Be4 25. Qxc7 Qxa1 0-1

[Event "64. BEM 2010"]
[Site "Dortmund"]
[Date "2010.02.25"]
[Round "3.7"]
[White "Zimmermann, Dirk"]
[Black "Weih, Kurt"]
[Result "1-0"]
[WhiteElo "1960"]
[BlackElo "1356"]
[PlyCount "69"]
[EventDate "2010.??.??"]
[Source "SG Dortmund"]
[SourceDate "2004.12.16"]

1. e4 c5 2. Nf3 Nc6 3. d4 cxd4 4. Nxd4 d6 5. Nc3 a6 6. Be3 Nf6 7. Bc4 Nxd4 8.
Bxd4 e5 9. Be3 Be7 10. f3 O-O 11. O-O b5 12. Bb3 Bb7 13. Rf2 h6 14. Rd2 Qc7 15.
Qe2 Rad8 16. Rad1 Rd7 17. Qf2 Qb8 18. a3 Rc8 19. Qg3 Kf8 20. Qf2 Qa8 21. h3 Kg8
22. Kh2 Bf8 23. g4 g5 24. h4 gxh4 25. Qxh4 Nh7 26. Bxh6 Be7 27. Qh5 Bf8 28. g5
Kh8 29. Bxf7 Bxh6 30. gxh6 Rf8 31. Be6 Nf6 32. Qh4 Rh7 33. Bf5 Rff7 34. Bxh7
Qf8 35. Bg6 1-0

[Event "64. BEM 2010"]
[Site "Dortmund"]
[Date "2010.02.25"]
[Round "3.8"]
[White "Werner, Patrick"]
[Black "Hübel, Carsten"]
[Result "1-0"]
[WhiteElo "1832"]
[BlackElo "1344"]
[PlyCount "45"]
[EventDate "2010.??.??"]
[Source "SG Dortmund"]
[SourceDate "2004.12.16"]

1. e4 c5 2. Nf3 e6 3. Nc3 Nc6 4. g3 b6 5. Bg2 Bb7 6. O-O Bd6 7. d4 Nxd4 8. Nxd4
Be5 9. Nde2 Ne7 10. Re1 O-O 11. Bg5 f6 12. Bf4 Bxc3 13. Nxc3 e5 14. Be3 Qc7 15.
Qg4 Kh8 16. Rad1 Bc6 17. h4 Qb7 18. Qe2 f5 19. Bg5 Nc8 20. Nd5 h6 21. Bc1 Nd6
22. Ne7 Bxe4 23. f3 1-0

[Event "64. BEM 2010"]
[Site "Dortmund"]
[Date "2010.02.25"]
[Round "3.9"]
[White "Gennat, Egon L"]
[Black "Hoppe, Dirk"]
[Result "0-1"]
[WhiteElo "1353"]
[BlackElo "1828"]
[PlyCount "38"]
[EventDate "2010.??.??"]
[Source "SG Dortmund"]
[SourceDate "2004.12.16"]

1. d4 d5 2. c4 e6 3. Nc3 Nf6 4. Bg5 Nbd7 5. Nf3 Bb4 6. a3 Bxc3+ 7. bxc3 c5 8.
e3 Qa5 9. Qb3 Ne4 10. Rc1 cxd4 11. exd4 Nxg5 12. Nxg5 dxc4 13. Qxc4 Qxg5 14.
Rb1 O-O 15. Qd3 Nf6 16. g3 e5 17. h4 Qf5 18. Qb5 exd4 19. cxd4 Qe4+ 0-1

[Event "64. BEM 2010"]
[Site "Dortmund"]
[Date "2010.02.25"]
[Round "3.10"]
[White "Zelt, Jens"]
[Black "Siwy, Boguslaw"]
[Result "1-0"]
[WhiteElo "2020"]
[BlackElo "1479"]
[PlyCount "33"]
[EventDate "2010.??.??"]
[Source "SG Dortmund"]
[SourceDate "2004.12.16"]

1. d4 d5 2. Nf3 Nf6 3. Bf4 e6 4. c3 Be7 5. h3 O-O 6. Nbd2 c5 7. e3 cxd4 8. exd4
Nbd7 9. Bd3 b6 10. O-O Bb7 11. Re1 Re8 12. Re3 h6 13. Rc1 Nh5 14. Bh2 Nf8 15.
Bb5 Nd7 16. Bxd7 Qxd7 17. Ne5 1-0